000
00252nam a22000977a 4500
999
_c
11210
_d
11210
008
181009b ||||| |||| 00| 0 eng d
020
_a
9788171677559
100
_a
TAGORE, RABONDRANATH
_9
6964
245
_a
GORA
260
_a
NEW DELHI
_b
RUPA PUBLICATION
_c
2002